00000000nam 2200000zi 4500
0019.916809
003CaOODSP
00520230718121442
006m     o  d f      
007cr cn|||||||||
008221101t20232023onc     ob   f000 0 eng d
020 |a9780660460741
040 |aCaOODSP|beng|erda|cCaOODSP
043 |an-cn-bc
0861 |aEn3-5/24-1-2023E-PDF
24500|aReport on the progress of management plan implementation for the rougheye/blackspotted rockfish complex (Sebastes aleutianus and S. melanostictus) and longspine thornyhead (Sebastolobus altivelis) in Canada for the period 2012 to 2020.
264 1|aOttawa : |bFisheries and Oceans Canada, |c2023.
264 4|c©2023
300 |a1 online resource (iv, 17 pages).
336 |atext|btxt|2rdacontent
337 |acomputer|bc|2rdamedia
338 |aonline resource|bcr|2rdacarrier
4901 |aSpecies at Risk Act management plan series
500 |aIssued also in French under title: Rapport sur les progrès de la mise en œuvre du plan de gestion du complexe des sébastes à œil épineux et à taches noires (Sebastes aleutianuset S. melanostictus) ainsi que du sébastolobe à longues épines (Sebastolobus altivelis) au Canada pour la période de 2012 à 2020.
500 |aCover title.
504 |aIncludes bibliographical references (pages 16-17).
650 0|aSebastes|xConservation|zBritish Columbia|zPacific Coast.
650 0|aLongspine thornyhead |xConservation|zBritish Columbia|zPacific Coast.
650 0|aWildlife management|zBritish Columbia|zPacific Coast.
7101 |aCanada. |bDepartment of Fisheries and Oceans, |eissuing body.
77508|tRapport sur les progrès de la mise en œuvre du plan de gestion du complexe des sébastes à œil épineux et à taches noires (Sebastes aleutianuset S. melanostictus) ainsi que du sébastolobe à longues épines (Sebastolobus altivelis) au Canada pour la période de 2012 à 2020.|w(CaOODSP)9.916810
795 |tManagement plan for the Rougheye/Blackspotted Rockfish complex (Sebastes aleutianus and S. melanostictus) and Longspine Thornyhead (Sebastolobus altivelis) in Canada |w(CaOODSP)9.571280
830#0|aSpecies at Risk Act management plan series.|w(CaOODSP)9.505125
85640|qPDF|s363 KB|uhttps://publications.gc.ca/collections/collection_2023/mpo-dfo/En3-5-24-1-2023-eng.pdf
8564 |qHTML|sN/A|uhttps://www.canada.ca/en/environment-climate-change/services/species-risk-public-registry/report-progress-recovery-document/rougheye-blackspotted-rockfish.html